Which Countries Won Their First Olympic Medal This Year - Paris 2024 - Statistics

General Stats
  • This quiz has been taken 36 times
  • The average score is 4 of 7
Answer Stats
Nation G S B % Correct
Saint Lucia 1 1 0
87%
Dominica 1 0 0
70%
Botswana 1 1 0
50%
Guatemala 1 0 1
43%
Albania 0 0 2
37%
Cape Verde 0 0 1
33%
Refugee Olympic Team 0 0 1
33%
No matching quizzes found
Score Distribution
Percent of People with Each Score
Percentile by Number Answered
Your Score History
You have not taken this quiz